Achieving stabilization in Armenia
Gespeichert in:
| 1. Verfasser: | |
|---|---|
| Weitere Verfasser: | , |
| Format: | Buch |
| Sprache: | Englisch |
| Veröffentlicht: |
Washington
IMF
1998
|
| Schriftenreihe: | IMF Working Paper
38 |
| Schlagworte: | |
| Tags: |
Keine Tags, Fügen Sie das erste Tag hinzu!
|
MARC
| LEADER | 00000nam a2200000 4500 | ||
|---|---|---|---|
| 001 | c106272 | ||
| 005 | 20221221081533.1 | ||
| 041 | 0 | |a eng | |
| 044 | |a US | ||
| 245 | 1 | 0 | |a Achieving stabilization in Armenia |c Prepared by Balázs Horváth, Nita Thacker and Jiming Ha |
| 264 | 1 | |a Washington |b IMF |c 1998 | |
| 300 | |a 32 s. | ||
| 490 | 1 | |a IMF Working Paper |v 38 | |
| 830 | 0 | |a IMF Working Paper |v 38 | |
| 610 | 2 | 0 | |a transformácia |
| 610 | 2 | 0 | |a zmeny štruktúrne |
| 610 | 2 | 0 | |a makroekonomika |
| 610 | 2 | 0 | |a stabilizácia hospodárstva |
| 610 | 2 | 0 | |a Arménsko |
| 100 | 1 | |a Horváth, Balázs | |
| 700 | 1 | |a Thacker, Nita | |
| 700 | 1 | |a Ha, Jiming | |